Teología y poesía : los espacios y el ritmo de la fe : artículo publicado en el número 34 de la Revista de la Universidad Pontificia de México, Efemérides Mexicana, enero-abril de 1994, páginas 55-75 /

Guardat en:
Dades bibliogràfiques
Autor principal: Guízar Villanueva, Jesús (autor)
Format: Llibre
Idioma:espanyol
Publicat: México : Universidad Pontificia de México, hacia 1994
Etiquetes: Afegir etiqueta
Sense etiquetes, Sigues el primer a etiquetar aquest registre!

MARC

LEADER 00000nam^a2200000^a^4500
001 000446783
005 20250526000000.0
009 20260310123616.354
037 |a Acervo Xavier Clavigero 
041 |a ESP 
091 |a FCA. 01616 
100 |a Guízar Villanueva, Jesús  |e (autor) 
245 1 0 |a Teología y poesía :  |b los espacios y el ritmo de la fe : artículo publicado en el número 34 de la Revista de la Universidad Pontificia de México, Efemérides Mexicana, enero-abril de 1994, páginas 55-75 / 
264 1 |a México :  |b Universidad Pontificia de México,  |c hacia 1994 
300 |a 25 p. ;  |c 22.5 cm. 
336 |a texto  |b txt  |2 rdacontenido 
337 |a sin mediación  |b n  |2 rdamedio 
338 |a volumen  |b nc  |2 rdasoporte 
649 |a XX 
910 |a Fondo Xavier Cacho Vázquez S.J. 
920 |a Impresos - Libros 
930 |a Libros Antiguos y Raros 
940 |a Literatura 
905 |a 108 
901 |a 0500375724  |b IT2  |c LRA  |i D  |u 20250526 
902 |a https://opac.biblio.iteso.mx/vufind/Record/000446783